000 00996am a2200373a 44500
003 AR-BaBNM
005 20251128203444.0
008 227119s1977 #AR|||||||||||000 | spa||
040 _cAR-BaBNM
100 1 _aLange, Oskar
245 1 0 _aEconomía política
_bproblemas generales. 1
250 _a7ª ed.
260 _aBogotá
_bFondo de Cultura Económica
_c1977
300 _a332 p.
_bgráfs.
500 _aApéndice p. 183-300
504 _aBibliografía para consultar p. 301-326
650 4 _aHISTORIA ECONOMICA
650 4 _aTRABAJO
650 4 _aPRODUCCION
650 4 _aSOCIOLOGIA POLITICA
650 4 _aPOLITICA SOCIAL
650 4 _aTRABAJO
650 4 _aSALARIOS
650 4 _aCAPITALISMO
650 4 _aIMPUESTOS
650 4 _aHISTORIA POLITICA
650 4 _aDERECHO DE PROPIEDAD
650 4 _aCONFLICTO DE CLASES
650 4 _aCAPITALISMO
653 _aECONOMIA POLITICA
700 1 _aRuiz Daimel, Silverio
_etraductor
942 _cBK
998 _cmariana
999 _c3464
_d3464